• 首页
  • 本馆介绍
  • 公告通知
  • 最新文献
  • 馆藏检索
  • 电子资源
  • 读者导购
  • 参考咨询
  • 我的图书馆
  • 登录
  • 详细信息显示
  • 放入我的书架
  • 预约/预借图书
  • 作者相关作品
  • 分类相关作品
  • 丛书相关作品
  • 出版社相关作品

书目信息

  • 表格格式
  • 工作单格式
  • 卡片格式
题名:
辛亥革命后帝制复辟和反复辟斗争
    
 
作者: 刘望龄 编著
分册:  
出版信息: 北京   人民出版社  1975
页数: 115页
开本: 19cm
丛书名: 《学点历史》丛书
单 册:
中图分类: K258.3
科图分类:
主题词: 洪宪帝制--研究 , 反袁斗争--研究
电子资源:
ISBN:
000 00720nam2 2200253 45
001 0175000446
005 20060817152135.37
010    @dCNY0.23
091    @aCN@b11001.290
100    @a19950109d1975 em y0chiy0121 ea
101 0  @achi
102    @aCN@b110000
105    @ay z 000yy
200 10 @a辛亥革命后帝制复辟和反复辟斗争@Axin hai ge ming hou di zhi fu bi he fan fu bi dou zheng@f刘望龄编著
210    @a北京@c人民出版社@d1975
215    @a115页@d19cm
225 2  @a《学点历史》丛书
410  0 @120010@a《学点历史》丛书
606    @a洪宪帝制@x研究
606    @a反袁斗争@x研究
690    @aK258.3@v3
701  0 @a刘望龄@Aliu wang ling@4编著
801  0 @aCN@bTSSF@c20060817
905    @a10447@dK258.3@e62
    
    辛亥革命后帝制复辟和反复辟斗争/刘望龄编著.-北京:人民出版社,1975
    115页;19cm.-(《学点历史》丛书)
    
    
    ISBN :CNY0.23
    
●
相关链接 在E读中查询图书 在五车中查询图书 在当当中查询图书 在豆瓣中查询图书


正题名:辛亥革命后帝制复辟和反复辟斗争     索取号:K258.3/62         预约/预借

序号 登录号 条形码 馆藏地/架位号 状态 备注
1 0466321   204663211   密集书库/ [索取号:K258.3/62] 在馆    
唐山师范学院图书馆 欢迎您!
大连网信软件有限公司© 版权所有